Statistiques concernant Les personnalités nées dans l'Essonne par images

Cliquez ici pour prendre le quiz!

Statistiques générales

  • Ce quiz a été pris 63 fois
  • Le résultat moyen est 7 sur 14

Statistiques - réponses

Réponse% Correct
Thierry Henry
90%
Ninho
80%
Anthony Martial
78%
Benjamin Mendy
77%
Zola
65%
Marc Lavoine
62%
Tanguy Ndombélé
62%
Jérémy Menez
58%
Sébastien Haller
58%
Paul Bernardoni
33%
Walid Regragui
30%
Michel Serrault
23%
Noémie Lenoir
13%
Jean-Jacques Annaud
8%

Distribution des résultats

Percentile par nombre de réponses

% des personnes avec chaque résultat

Votre développement - résultats

Vous n’avez pas pris ce quiz